000 00817cam a22002653a 4500
001 863
003 PGUSA
005 20140828082953.0
008 970301s1997||||xxu|||||s|||||000 1 eng d
040 _aPGUSA
_beng
042 _adc
050 4 _aPR
100 1 _aChristie, Agatha,
_d1890-1976
245 1 4 _aThe Mysterious Affair at Styles
_h[electronic resource] /
_cAgatha Christie
260 _bProject Gutenberg,
_c1997
506 _aPublic domain in the USA.
516 _aElectronic text
653 _aBelgians -- England -- Fiction
653 _aDetective and mystery stories
653 _aPoirot, Hercule (Fictitious character) -- Fiction
653 _aPrivate investigators -- England -- Fiction
830 0 _aProject Gutenberg
_v863
856 4 0 _uhttp://www.gutenberg.org/ebooks/863
942 _cEB
999 _c230214
_d230214